Films par image - 2022 - Statistiques

Statistiques générales
  • Ce quiz a été pris 277 fois
  • Le résultat moyen est 6 sur 15
Statistiques - réponses
Par images Réponse % Correct
Avatar: La voie de l'eau
91%
Top Gun: Maverick
86%
Elvis
71%
The Batman
67%
Babylon
59%
Le Chat Potté 2
55%
Everything Everywhere All at Once
40%
Le Menu
35%
Athena
31%
Nope
30%
Don't worry darling
24%
Coupez !
19%
La nuit du 12
11%
En Corps
10%
Decision to leave
4%
Aucun quiz correspondant
Distribution des résultats
% des personnes avec chaque résultat
Percentile par nombre de réponses
Votre historique - résultats
Vous n’avez pas pris ce quiz